Great books of the Western world: (Record no. 18896)
[ view plain ]
| 000 -LEADER | |
|---|---|
| fixed length control field | 00606nam a2200181Ia 4500 |
| 008 - FIXED-LENGTH DATA ELEMENTS--GENERAL INFORMATION | |
| fixed length control field | 200825s9999||||xx |||||||||||||| ||und|| |
| 041 ## - LANGUAGE CODE | |
| Language code of text/sound track or separate title | eng |
| 050 ## - LIBRARY OF CONGRESS CALL NUMBER | |
| Classification number | AC1 |
| Item number | .G72 1952 |
| 100 ## - MAIN ENTRY--PERSONAL NAME | |
| Personal name | Hutchins, Robert Maynard |
| 110 ## - MAIN ENTRY--CORPORATE NAME | |
| Corporate name or jurisdiction name as entry element | Encyclopaedia Britannica, inc. |
| 245 #0 - TITLE STATEMENT | |
| Title | Great books of the Western world: |
| Remainder of title | Aeschyous sophocles euripieds aristophanes / |
| Statement of responsibility, etc. | Robert Maynard Hutchins, Encyclopaedia Britannica, inc. |
| 260 ## - PUBLICATION, DISTRIBUTION, ETC. | |
| Place of publication, distribution, etc. | Chicago : |
| Name of publisher, distributor, etc. | Encyclopaedia Britannica, |
| Date of publication, distribution, etc. | 1952 |
| 300 ## - PHYSICAL DESCRIPTION | |
| Extent | v. |
| Other physical details | ; |
| Dimensions | 24 cm. |
| 650 ## - SUBJECT ADDED ENTRY--TOPICAL TERM | |
| Topical term or geographic name entry element | Anthologies. |
| 650 ## - SUBJECT ADDED ENTRY--TOPICAL TERM | |
| Topical term or geographic name entry element | Classic English Literature. |
| 949 ## - LOCAL PROCESSING INFORMATION (OCLC) | |
| v | v. 5 |
| Withdrawn status | Lost status | Damaged status | Not for loan | Home library | Current library | Shelving location | Date acquired | Total Checkouts | Full call number | Barcode | Date last seen | Price effective from | Koha item type |
|---|---|---|---|---|---|---|---|---|---|---|---|---|---|
| GETS Theological Seminary Library | GETS Theological Seminary Library | General Stacks | 08/25/2020 | AC1 .G72 1952 v. 5 | 00006257 | 08/25/2020 | 08/25/2020 | English Books |